<?xml version="1.0" encoding="UTF-8"?>
<collection xmlns:xsi="http://www.w3.org/2001/XMLSchema-instance" xsi:schemaLocation="http://www.loc.gov/MARC21/slim http://www.loc.gov/standards/marcxml/schema/MARC21slim.xsd" xmlns="http://www.loc.gov/MARC21/slim">
 <record>
  <leader>00000caa a22000003a 4500</leader>
  <controlfield tag="001">UP-8027390931312556457</controlfield>
  <controlfield tag="003">Buklod</controlfield>
  <controlfield tag="005">20211018152244.0</controlfield>
  <controlfield tag="006">o--- |     ||   ||</controlfield>
  <controlfield tag="007">ta</controlfield>
  <controlfield tag="008">211018s        xx     d     r    |||| u|</controlfield>
  <datafield tag="035" ind1=" " ind2=" ">
   <subfield code="a">(iLib)UPCEB-00012249453</subfield>
  </datafield>
  <datafield tag="040" ind1=" " ind2=" ">
   <subfield code="a">emz</subfield>
  </datafield>
  <datafield tag="041" ind1=" " ind2=" ">
   <subfield code="a">eng</subfield>
  </datafield>
  <datafield tag="100" ind1="1" ind2=" ">
   <subfield code="a">Conchada, M. I.</subfield>
  </datafield>
  <datafield tag="245" ind1="0" ind2="4">
   <subfield code="a">The cost efficiency of state universities and colleges in the Philippines.</subfield>
  </datafield>
  <datafield tag="300" ind1=" " ind2=" ">
   <subfield code="a">pp. 83-104</subfield>
  </datafield>
  <datafield tag="520" ind1=" " ind2=" ">
   <subfield code="a">As part of its effort to combat poverty and improve the country?s competitiveness through education, the Philippine government provides financial support to hundreds of thousands of students coursed through subsidized state universities and colleges (sucs), which today number 110 all over the archipelago. The effectiveness with which these institutions use taxpayers? money is under constant public scrutiny. We explore the cost efficiency of sucs, taking into consideration their ability to produce graduates and board passers given the budget allocation they receive annually, for the period 2006?2010. Universities are analysed separately from colleges owing to the inherent differences in their operative structures. State universities are found to be more cost efficient than state colleges, a fact attributable in part to their larger scale and scope of operation. Calculations show that state universities are characterized by economies of scale and scope, while state colleges are not. This has significant implications for their educational function.</subfield>
  </datafield>
  <datafield tag="650" ind1="1" ind2="7">
   <subfield code="a">Economics-Periodicals.</subfield>
  </datafield>
  <datafield tag="653" ind1=" " ind2=" ">
   <subfield code="a">Higher Education.</subfield>
  </datafield>
  <datafield tag="653" ind1=" " ind2=" ">
   <subfield code="a">Cost efficiency of higher education institutions.</subfield>
  </datafield>
  <datafield tag="653" ind1=" " ind2=" ">
   <subfield code="a">Translog cost function.</subfield>
  </datafield>
  <datafield tag="773" ind1="0" ind2=" ">
   <subfield code="a">Philippine Review of Economics.</subfield>
   <subfield code="g">vol. 50 (2) Dec 2013.</subfield>
  </datafield>
  <datafield tag="942" ind1=" " ind2=" ">
   <subfield code="a">Analytics</subfield>
  </datafield>
 </record>
</collection>
